<?xml version="1.0" encoding="UTF-8"?>
<record
    xmlns:xsi="http://www.w3.org/2001/XMLSchema-instance"
    xsi:schemaLocation="http://www.loc.gov/MARC21/slim http://www.loc.gov/standards/marcxml/schema/MARC21slim.xsd"
    xmlns="http://www.loc.gov/MARC21/slim">

  <leader>02337nam a22002657a 4500</leader>
  <controlfield tag="003">OSt</controlfield>
  <controlfield tag="005">20220316111233.0</controlfield>
  <controlfield tag="008">140604b        xxu||||| |||| 00| 0 eng d</controlfield>
  <datafield tag="020" ind1=" " ind2=" ">
    <subfield code="a">9780471782797</subfield>
  </datafield>
  <datafield tag="040" ind1=" " ind2=" ">
    <subfield code="c">LC</subfield>
  </datafield>
  <datafield tag="050" ind1=" " ind2=" ">
    <subfield code="a">HF5548.4.M525 W54</subfield>
  </datafield>
  <datafield tag="100" ind1=" " ind2=" ">
    <subfield code="a">Weverka, Peter</subfield>
  </datafield>
  <datafield tag="245" ind1=" " ind2=" ">
    <subfield code="a">Office 2007: all- in-one desk reference for dummies. /</subfield>
    <subfield code="c">Peter Weverka</subfield>
  </datafield>
  <datafield tag="260" ind1=" " ind2=" ">
    <subfield code="a">Hoboken, NJ:</subfield>
    <subfield code="b">Wiley,</subfield>
    <subfield code="c">2007.</subfield>
  </datafield>
  <datafield tag="300" ind1=" " ind2=" ">
    <subfield code="a">xxx, 782 p. :</subfield>
    <subfield code="b">ill:</subfield>
  </datafield>
  <datafield tag="440" ind1=" " ind2=" ">
    <subfield code="a">For Dummies: best selling book series for beginners</subfield>
  </datafield>
  <datafield tag="500" ind1=" " ind2=" ">
    <subfield code="a">Includes index</subfield>
  </datafield>
  <datafield tag="505" ind1=" " ind2=" ">
    <subfield code="a">Contents: Common office tools: Office nuts and bolts -- Wrestling with the text -- Speed techniques worth knowing about -- Taking advantage of the proofing tools -- Creating a table -- Creating a chart -- Making a SmartArt diagram -- Drawing and manipulating lines, shapes, and other objects   Word 2007: -- Speed techniques for using Word -- Laying out text and pages -- Word styles -- Desktop publishing with Word -- Getting Word's help with Office chores -- Tools for reports and scholarly papers   Outlook 2007: -- Getting acquainted with Outlook -- Maintaining the contacts folder -- Handling your email -- managing your time and schedule -- Tasks, reminders, and notes -- PowerPoint 2007: -- Getting started in PowerPoint -- Fashioning a look for your presentation -- Entering the text -- Making your presentation livelier --  Delivering a presentation --   Excel 2007: -- Up and running with Excel -- Refining your worksheet -- Formulas and functions for crunching numbers --   Access 2007 -- Introducing Access -- Building your database tables -- Entering data -- Sorting, querying, and filtering for data -- Presenting data in a report --   Publisher 2007 -- Introducing Publisher -- Refining a publication -- Putting on the finishing touches --    Office 2007: one step beyond -- Customizing an Office program -- Ways of distributing your work -- Handling graphics -- Decorating files with Clip Art -- Note taking with OneNote -- Collaborating with SharePoint Services -- Automating tasks with macros -- Linking and embedding in compound files </subfield>
  </datafield>
  <datafield tag="650" ind1=" " ind2=" ">
    <subfield code="a">Microsoft Office.    </subfield>
  </datafield>
  <datafield tag="650" ind1=" " ind2=" ">
    <subfield code="a">Microsoft Word. 	</subfield>
  </datafield>
  <datafield tag="650" ind1=" " ind2=" ">
    <subfield code="a">Microsoft Excel (Computer file) 	</subfield>
  </datafield>
  <datafield tag="650" ind1=" " ind2=" ">
    <subfield code="a">Microsoft Access. 	</subfield>
  </datafield>
  <datafield tag="650" ind1=" " ind2=" ">
    <subfield code="a">Microsoft PowerPoint (Computer file)</subfield>
  </datafield>
  <datafield tag="942" ind1=" " ind2=" ">
    <subfield code="2">lcc</subfield>
    <subfield code="c">BK</subfield>
  </datafield>
  <datafield tag="999" ind1=" " ind2=" ">
    <subfield code="c">7440</subfield>
    <subfield code="d">14940</subfield>
  </datafield>
  <datafield tag="952" ind1=" " ind2=" ">
    <subfield code="0">0</subfield>
    <subfield code="1">0</subfield>
    <subfield code="2">lcc</subfield>
    <subfield code="4">0</subfield>
    <subfield code="7">0</subfield>
    <subfield code="a">WIUC-KL</subfield>
    <subfield code="b">WIUC-KL</subfield>
    <subfield code="c">GEN</subfield>
    <subfield code="d">2019-11-15</subfield>
    <subfield code="e">STM</subfield>
    <subfield code="o">HF5548.4.M525.W54</subfield>
    <subfield code="p">K/2410/2410/19</subfield>
    <subfield code="r">2020-07-06 00:00:00</subfield>
    <subfield code="w">2020-07-06</subfield>
    <subfield code="y">BK</subfield>
  </datafield>
</record>
